01623nab a22002297a 4500003000400000005001700004008004100021040000700062100002500069245019100094260007300285300001600358500004500374505063000419505009001049650002301139650001501162650002501177650002401202650003401226773013301260OSt20250306134527.0190603e xxum|||| |||| 00| 0 spa d cPJ aLabombarda, Pablo M.13aLa competencia bioética en niños, niñas y adolescentes en el final de la vida. El paradigma tradicional de la vulnerabilidad y una propuesta de superación /cPablo M. Labombarda. cCiudad Autónoma de Buenos Aires :aThomson Reuters La Ley, b2024. ap. 301-310. aCita Online: TR LALEY AR/DOC/1625/2024.  aSumario: I. Introducción.— II. La autonomía como principio bioético y su proyección en las personas menores de edad.— III. Breve referencia histórico-legislativa argentina.— IV. La noción estática de vulnerabilidad en el campo de las personas menores de edad. Críticas.— V. Hacia un concepto dinámico y flexible de la vulnerabilidad en los/as menores de edad.— VI. El traspaso de los lineamientos precedentes a la decisión del rechazo de un tratamiento médico en riesgo de muerte.— VII. El trayecto que viene recorriendo la jurisprudencia en Argentina. Breve reseña.— VIII. Conclusiones. t¿Te interesa el texto completo? Solicitalo al correo: koha@justierradelfuego.gov.ar  0aDERECHO A LA SALUD 0aBIOÉTICA 0aTRATAMIENTO MÉDICO 0aASISTENCIA MÉDICA 0aSITUACIÓN DE VULNERABILIDAD0 02713dCiudad Autónoma de Buenos Aires : Thomson Reuters La Ley, 2015-tRevista Código Civil y Comercial. Nº 4 - Agosto 2024